Public speaking made easy / (Record no. 143259)

MARC details
000 -LEADER
fixed length control field 00593nam a22001937a 4500
005 - DATE AND TIME OF LATEST TRANSACTION
control field 20170811110417.0
010 ## - LCCN (DPL NO)
LC control number ENG-119670
020 ## - INTERNATIONAL STANDARD BOOK NUMBER
International Standard Book Number 9788179664254
Terms of availability 150.00
035 ## - SYSTEM CONTROL NUMBER
System control number EN-103202
037 ## - SOURCE OF ACQUISITION
Source of stock number/acquisition DBAD/PUB
082 ## - DEWEY DECIMAL CLASSIFICATION NUMBER
Classification number 808.51
100 ## - MAIN ENTRY--PERSONAL NAME
Personal name Olivannan, G.
245 ## - TITLE STATEMENT
Title Public speaking made easy /
Statement of responsibility, etc by G. Olivannan ; translated by Vilasini
260 ## - PUBLICATION, DISTRIBUTION, ETC. (IMPRINT)
Place of publication, distribution, etc Chennai
Name of publisher, distributor, etc Emerald Publishers
Date of publication, distribution, etc 2016
270 ## - ADDRESS
Address 15A, First Floor, Casa Major Road Egmore,
City Chennai
Postal code 600008
300 ## - PHYSICAL DESCRIPTION
Extent xi,131p. ;
Other physical details ill.
Dimensions 22cm(pbk)
700 ## - ADDED ENTRY--PERSONAL NAME
Personal name Vilasini
942 ## - ADDED ENTRY ELEMENTS (KOHA)
Source of classification or shelving scheme Dewey Decimal Classification
Item type English Books
Classification part 808.51
Call number suffix OLI
Holdings
Withdrawn status Lost status Not for loan Collection code Home library Current library Date acquired Source of acquisition Cost, normal purchase price Full call number Barcode Copy number Cost, replacement price Koha item type
    Not For Loan Non-fiction D.B.Act.Division Bawana 11/08/2017 DBAD/PUB 150.00 808.51 OLI EN-103202 1 150.00 English Books

© Delhi Public Library
Hit Counter
free hit counter